Administrative and financial terms = Termes administratifs et financiers.
| Corporate Author: | |
|---|---|
| Format: | Book |
| Language: | Arabic Chinese English French Spanish |
| Published: |
Rome :
Food and Agriculture Organization of the United Nations,
1981.
|
| Series: | Terminology bulletin (Food and Agriculture Organization of the United Nations. Terminology and Reference Section) ;
no. 23, rev. 1. |
| Subjects: |
MARC
| Tag | First Indicator | Second Indicator | Subfields |
|---|---|---|---|
| LEADER | 00000cam a2200000 a 4500 | ||
| 001 | in00000339021 | ||
| 005 | 20151011052932.0 | ||
| 008 | 820810s1981 it bd i00100 ara | ||
| 010 | |a 82139523 | ||
| 020 | |a 9250011202 (pbk.) | ||
| 035 | |a (OCoLC)08765453 | ||
| 035 | |9 ABL5515AM | ||
| 039 | 0 | |a 2 |b 3 |c 3 |d 3 |e 3 | |
| 040 | |a DLC |c DLC |d TXA |d UtOrBLW | ||
| 041 | 0 | |a ara |a chi |a eng |a fre |a spa | |
| 049 | |a TXAM |c [1329417] | ||
| 050 | 0 | 0 | |a S401 U62 |b T47 no. 23, rev. 1 |
| 082 | 0 | |a 630/.14 s |a 332/.03 |2 19 | |
| 245 | 0 | 0 | |a Administrative and financial terms = |b Termes administratifs et financiers. |
| 246 | 3 | 1 | |a Termes administratifs et financiers. |
| 264 | 1 | |a Rome : |b Food and Agriculture Organization of the United Nations, |c 1981. | |
| 300 | |a ix, 169 pages ; |c 28 cm. | ||
| 336 | |a text |b txt |2 rdacontent | ||
| 337 | |a unmediated |b n |2 rdamedia | ||
| 338 | |a volume |b nc |2 rdacarrier | ||
| 490 | 1 | |a Terminology bulletin / Food and Agriculture Organization of the United Nations ; |v no. 23, rev. 1 | |
| 500 | |a Arabic, Chinese, English, French, and Spanish. | ||
| 500 | |a Parallel titles: Terminos administrativos y financieros = al- Mustalahat al-idariyah wa-al-maliyah = Hsing cheng tsai wu tzu hui. | ||
| 500 | |a Includes indexes. | ||
| 504 | |a Bibliography: pages 165-166. | ||
| 610 | 2 | 0 | |a Food and Agriculture Organization of the United Nations |x Management |x Terminology. |
| 650 | 0 | |a Personnel management |v Terminology. | |
| 710 | 2 | |a Food and Agriculture Organization of the United Nations. | |
| 740 | 0 | |a Termes administratifs et financiers. | |
| 740 | 0 | |a Terminos adminstrativos y financieros. | |
| 740 | 0 | |a Mustalahat al-idariyah wa-al-maliyah. | |
| 740 | 0 | |a Hisng cheng tsai wu tzu hui. | |
| 830 | 0 | |a Terminology bulletin (Food and Agriculture Organization of the United Nations. Terminology and Reference Section) ; |v no. 23, rev. 1. | |
| 999 | |a MARS | ||
| 999 | f | f | |s 67cbc30c-ccc8-3c44-b517-477569742790 |i d3605530-a6fc-3ffa-80d3-074063bd7f8e |t 0 |
| 952 | f | f | |p normal |a Texas A&M University |b College Station |c Sterling C. Evans Library |d Evans: Library Stacks |t 0 |e S401 U62 T47 no. 23, rev. 1 |h Library of Congress classification |i unmediated -- volume |m A14806447702 |
| 952 | f | f | |p ric |a Texas A&M University |b Rellis Campus |c Joint Library Facility |d Remote Storage |t 0 |e S401 U62 T47 no. 23, rev. 1 |h Library of Congress classification |i unmediated -- volume |m A14807212469 |
| 998 | f | f | |a S401 U62 T47 no. 23, rev. 1 |t 0 |l Remote Storage |
| 998 | f | f | |a S401 U62 T47 no. 23, rev. 1 |t 0 |l Evans: Library Stacks |